Education For Life: (Record no. 95231)

MARC details
000 -LEADER
fixed length control field 00603nam a22001937a 4500
005 - DATE AND TIME OF LATEST TRANSACTION
control field 20230626121010.0
010 ## - LCCN (DPL NO)
LC control number ENG-113663 ENG-137165
020 ## - INTERNATIONAL STANDARD BOOK NUMBER
International Standard Book Number 9788189430085
Terms of availability 250.00
035 ## - SYSTEM CONTROL NUMBER
System control number EN-97195 EN-120697
037 ## - SOURCE OF ACQUISITION
Source of stock number/acquisition DBAD/PUB
082 ## - DEWEY DECIMAL CLASSIFICATION NUMBER
Classification number 649.7
100 ## - MAIN ENTRY--PERSONAL NAME
Personal name Kriyananda, Swami
245 ## - TITLE STATEMENT
Title Education For Life:
Statement of responsibility, etc by Swami Kriyananda
Remainder of title Preparing Children to Meet The Challenges /
260 ## - PUBLICATION, DISTRIBUTION, ETC. (IMPRINT)
Place of publication, distribution, etc Gurgaon
Name of publisher, distributor, etc Ananda Sangha Publications
Date of publication, distribution, etc 2008
270 ## - ADDRESS
City Gurgaon
Address B-10/8, DLF Phase- I
300 ## - PHYSICAL DESCRIPTION
Extent 303p.
Dimensions 23cm(pbk)
500 ## - GENERAL NOTE
General note Includes index
942 ## - ADDED ENTRY ELEMENTS (KOHA)
Source of classification or shelving scheme Dewey Decimal Classification
Item type English Books
Call number suffix KRI
Classification part 649.7
Holdings
Withdrawn status Lost status Not for loan Collection code Home library Current library Date acquired Source of acquisition Cost, normal purchase price Full call number Barcode Copy number Cost, replacement price Koha item type
      Non-fiction Bawana Bawana 26/06/2023 DBAD/PUB 250.00 649.7 KRI EN-120697 1 250.00 English Books
    Not For Loan Non-fiction D.B.Act.Division D.B.Act.Division 24/07/2015 DBAD/PUB 350.00 230.35 KRI EN-97195 1 350.00 English Books

© Delhi Public Library
Hit Counter
free hit counter